[Event "Tbilisi Chiburdanidze Cup"]
[Site "Tbilisi"]
[Date "2009.06.12"]
[Round "8"]
[White "Lomineishvili, Maia"]
[Black "Khukhashvili, Sopiko"]
[Result "0-1"]
[WhiteElo "2447"]
[BlackElo "2424"]
[PlyCount "120"]
[EventDate "2009.06.05"]
[EventType "swiss"]
[EventRounds "9"]
[EventCountry "GEO"]
[SourceTitle "CBM 130 Extra"]
[Source "ChessBase"]
[SourceDate "2009.07.02"]
[SourceVersion "2"]
[SourceVersionDate "2009.07.15"]
[SourceQuality "1"]

1. d4 Nf6 2. Nf3 e6 3. e3 b6 4. Bd3 Bb7 5. O-O d5 6. b3 Bd6 7. Bb2 Nbd7 8. Nbd2
Qe7 9. Ne5 O-O 10. Qf3 Ne8 11. Qh3 g6 12. f4 f5 13. g4 Ndf6 14. gxf5 exf5 15.
Kh1 Ne4 16. Ndf3 N8f6 17. Rae1 Bc8 18. Qg2 Be6 19. Rg1 Ng4 20. Nxg4 fxg4 21.
Bxe4 dxe4 22. Ng5 Bf5 23. d5 h6 24. Ne6 Rf7 25. Nd4 h5 26. Nc6 Qe8 27. Qd2 a5
28. Qd4 Rh7 29. Kg2 Qf7 30. c4 Rf8 31. a3 g5 32. Rgf1 gxf4 33. exf4 Bc5 34. Qc3
Re8 35. b4 axb4 36. axb4 Bf8 37. Qf6 Qxf6 38. Bxf6 e3 39. Be5 Bd3 40. Rxe3 Bxc4
41. Rd1 Rd7 42. Kg3 Rxd5 43. Rc1 b5 44. Rce1 Re6 45. Nd4 Rexe5 46. Rxe5 Rxd4
47. Rxh5 Bd6 48. Rg5+ Kf7 49. Rf5+ Kg6 50. Kxg4 Bd3 51. Re6+ Kg7 52. Rff6 Bh7
53. Kg5 Rd2 54. h3 Rg2+ 55. Kh4 Bxb4 56. Rh6 Bg6 57. f5 Bxf5 58. Re5 Kxh6 59.
Rxf5 Kg6 60. Re5 Bc3 0-1

[Event "Kavala op 18th"]
[Site "Kavala"]
[Date "2009.08.01"]
[Round "2"]
[White "Khukhashvili, Sopiko"]
[Black "Bartel, Mateusz"]
[Result "1-0"]
[WhiteElo "2430"]
[BlackElo "2619"]
[PlyCount "141"]
[EventDate "2009.08.01"]
[EventType "swiss"]
[EventRounds "9"]
[EventCountry "GRE"]
[SourceTitle "CBM 131 Extra"]
[Source "ChessBase"]
[SourceDate "2009.09.03"]
[SourceVersion "2"]
[SourceVersionDate "2009.09.16"]
[SourceQuality "1"]

1. e4 c5 2. Nf3 Nc6 3. d4 cxd4 4. Nxd4 e5 5. Nb5 d6 6. c4 Be7 7. N1c3 a6 8. Na3
f5 9. exf5 Bxf5 10. Bd3 Be6 11. Nd5 Nf6 12. Nxf6+ Bxf6 13. Be4 Qd7 14. Be3 O-O
15. O-O Rac8 16. Qd3 g6 17. Rad1 Nd4 18. f4 Bg7 19. b3 b5 20. cxb5 d5 21. fxe5
Rxf1+ 22. Qxf1 Nxb5 23. Nxb5 axb5 24. Bd3 Bxe5 25. Bxb5 Qd6 26. h3 Qb4 27. Qe2
Qh4 28. Qe1 Bg3 29. Qd2 Bb8 30. Bf2 Qe7 31. Bf1 Rf8 32. Kh1 Qf6 33. Bg1 Be5 34.
Be2 Bf4 35. Qe1 Be5 36. Qb4 Rb8 37. Qd2 Bf4 38. Qd4 Be5 39. Qf2 Qxf2 40. Bxf2
Ra8 41. a4 d4 42. Bxd4 Bxd4 43. Rxd4 Bxb3 44. Bb5 Kf7 45. Rd3 Be6 46. Kg1 Rc8
47. Ra3 Rc5 48. Be2 Ra5 49. Bb5 h5 50. h4 g5 51. hxg5 Kg6 52. Kf2 Kxg5 53. Ke3
Bd5 54. g3 Ra8 55. Kd4 Bg2 56. a5 Rd8+ 57. Kc5 Rc8+ 58. Kd6 Bb7 59. Bd7 Rc2 60.
Rb3 Ba6 61. Rb6 Be2 62. Rc6 Ra2 63. Rc5+ Kh6 64. Re5 Bf3 65. Kc7 Rg2 66. Re6+
Kg5 67. Re3 Be2 68. Kb6 Bc4 69. Bb5 Rd2 70. Re5+ Kh6 71. Kc6 1-0

[Event "EU-chT (Women) 08th"]
[Site "Novi Sad"]
[Date "2009.10.24"]
[Round "3"]
[White "Khukhashvili, Sopiko"]
[Black "Kachiani Gersinska, Ketino"]
[Result "1-0"]
[WhiteElo "2451"]
[BlackElo "2349"]
[PlyCount "87"]
[EventDate "2009.10.22"]
[EventType "team-swiss"]
[EventRounds "9"]
[EventCountry "YUG"]
[SourceTitle "EXT 2010"]
[Source "ChessBase"]
[SourceDate "2010.11.25"]
[SourceVersion "1"]
[SourceVersionDate "2010.11.25"]
[SourceQuality "1"]
[WhiteTeam "Georgia (W)"]
[BlackTeam "Germany (W)"]
[WhiteTeamCountry "GEO"]
[BlackTeamCountry "GER"]

1. e4 e5 2. Nf3 Nc6 3. Bb5 a6 4. Ba4 Nf6 5. O-O Be7 6. Re1 b5 7. Bb3 d6 8. c3
O-O 9. d3 Na5 10. Bc2 c5 11. Nbd2 Re8 12. Nf1 h6 13. d4 exd4 14. cxd4 Bg4 15.
d5 Nc4 16. h3 Bxf3 17. Qxf3 Nd7 18. b3 Bf6 19. Rb1 Nce5 20. Qd1 c4 21. f4 Nd3
22. Bxd3 cxd3 23. Qxd3 Nc5 24. Qf3 Qa5 25. Re2 Qc3 26. Ng3 b4 27. Bd2 Qxf3 28.
gxf3 Nd3 29. Nf5 Red8 30. Be3 Rac8 31. Rd1 Rc3 32. Red2 Nc5 33. Kf2 g6 34. Nd4
Bh4+ 35. Ke2 Re8 36. Nc6 Bf6 37. Na5 g5 38. Nc4 gxf4 39. Bxf4 Nxe4 40. fxe4
Rxe4+ 41. Be3 Rh4 42. Rg1+ Kf8 43. Rf1 Ke7 44. Bf4 1-0

[Event "GEO-ch (Women)"]
[Site "Tbilisi"]
[Date "2010.01.22"]
[Round "13"]
[White "Khukhashvili, Sopiko"]
[Black "Lomineishvili, Maia"]
[Result "1-0"]
[WhiteElo "2438"]
[BlackElo "2371"]
[PlyCount "129"]
[EventDate "2010.01.09"]
[EventType "tourn"]
[EventRounds "13"]
[EventCountry "GEO"]
[EventCategory "5"]
[SourceTitle "CBM 134 Extra"]
[Source "ChessBase"]
[SourceDate "2010.03.03"]
[SourceVersion "1"]
[SourceVersionDate "2010.03.03"]
[SourceQuality "1"]

1. e4 c5 2. Nf3 Nc6 3. d4 cxd4 4. Nxd4 Nf6 5. Nc3 e5 6. Ndb5 d6 7. Bg5 a6 8.
Na3 b5 9. Nd5 Be7 10. Bxf6 Bxf6 11. c3 Bg5 12. Nc2 O-O 13. a4 bxa4 14. Rxa4 a5
15. Bc4 Rb8 16. b3 Kh8 17. Nce3 g6 18. O-O Bh6 19. Qd3 f5 20. Rd1 fxe4 21. Qxe4
Bf5 22. Nxf5 gxf5 23. Qf3 Bg7 24. Qe2 Ra8 25. Rda1 e4 26. Qc2 Ne5 27. Bf1 Qg5
28. Qc1 Qh4 29. Qf4 Ng4 30. Qg3 Qh6 31. h3 Be5 32. f4 exf3 33. Qxf3 Nh2 34. Qf2
Rg8 35. Kh1 Ng4 36. Qf3 Qh4 37. R1a2 Qh6 38. Nf4 Rae8 39. Re2 Nf6 40. Rc2 Ne4
41. Ne2 Bg3 42. Nd4 Nd2 43. Nxf5 Nxf3 44. Nxh6 Ne1 45. Re2 Ref8 46. Kg1 Rg6 47.
Rg4 Kg7 48. Rxg6+ Kxg6 49. Ng4 h5 50. Nf2 d5 51. Nh1 Bh4 52. Re6+ Rf6 53. Re5
Rf5 54. Re2 Kf7 55. Nf2 Bg3 56. c4 dxc4 57. Ne4 Bh2+ 58. Kxh2 Rxf1 59. Nd2 Rf4
60. Rxe1 c3 61. Nc4 a4 62. Rc1 axb3 63. Rxc3 Ke6 64. Nd2 b2 65. Rb3 1-0

[Event "Tbilisi Cup"]
[Site "Tbilisi"]
[Date "2010.05.21"]
[Round "7"]
[White "Khukhashvili, Sopiko"]
[Black "Nigalidze, Gaioz"]
[Result "1-0"]
[WhiteElo "2421"]
[BlackElo "2489"]
[PlyCount "115"]
[EventDate "2010.05.15"]
[EventType "swiss"]
[EventRounds "9"]
[EventCountry "GEO"]
[SourceTitle "CBM 136 Extra"]
[Source "ChessBase"]
[SourceDate "2010.07.02"]
[SourceVersion "2"]
[SourceVersionDate "2010.07.15"]
[SourceQuality "1"]

1. e4 c5 2. Nf3 Nc6 3. d4 cxd4 4. Nxd4 Nf6 5. Nc3 e5 6. Ndb5 d6 7. Bg5 a6 8.
Na3 b5 9. Nd5 Be7 10. Bxf6 Bxf6 11. c3 Ne7 12. Nxf6+ gxf6 13. Nc2 Bb7 14. Bd3
d5 15. exd5 Qxd5 16. Ne3 Qe6 17. a4 Rd8 18. Qc2 e4 19. Be2 f5 20. axb5 f4 21.
Bc4 Qc8 22. Qb3 O-O 23. Nc2 Qg4 24. bxa6 Qxg2 25. Rf1 Ba8 26. Nd4 Qg4 27. h3
Qh5 28. Rg1+ Ng6 29. Qb5 Qxh3 30. Qf5 Qh6 31. Qf6 Qg7 32. Qxg7+ Kxg7 33. O-O-O
Kf6 34. Rh1 Ne5 35. Bb5 Ng4 36. Rh4 Kg5 37. Rxh7 Nxf2 38. Rg1+ Kf6 39. Rh6+ Ke5
40. Rg5+ f5 41. Re6+ Kd5 42. b3 Rc8 43. Kc2 Ng4 44. Rgg6 f3 45. Rg7 Rfd8 46.
Rge7 Ne3+ 47. Kd2 Rxc3 48. Kxc3 Rc8+ 49. Nc6 Kc5 50. Na7 Nd5+ 51. Kd2 Nxe7 52.
Nxc8 Nxc8 53. Bd7 Nb6 54. b4+ Kd4 55. Rxb6 e3+ 56. Ke1 f2+ 57. Kf1 Be4 58. Bb5
1-0

[Event "Tbilisi Cup"]
[Site "Tbilisi"]
[Date "2010.05.22"]
[Round "8"]
[White "Yegiazarian, Arsen"]
[Black "Khukhashvili, Sopiko"]
[Result "0-1"]
[WhiteElo "2475"]
[BlackElo "2421"]
[PlyCount "68"]
[EventDate "2010.05.15"]
[EventType "swiss"]
[EventRounds "9"]
[EventCountry "GEO"]
[SourceTitle "CBM 136 Extra"]
[Source "ChessBase"]
[SourceDate "2010.07.02"]
[SourceVersion "2"]
[SourceVersionDate "2010.07.15"]
[SourceQuality "1"]

1. e4 d6 2. g3 c5 3. Ne2 d5 4. Bg2 dxe4 5. Nbc3 f5 6. d3 exd3 7. cxd3 e6 8. Nf4
Nf6 9. O-O Bd6 10. Nxe6 Bxe6 11. Re1 Kf7 12. Rxe6 Kxe6 13. Qb3+ Ke7 14. Nd5+
Nxd5 15. Bxd5 h6 16. Bd2 Nd7 17. Re1+ Kf8 18. Qxb7 Rb8 19. Qxa7 Qc7 20. Qa6 Re8
21. Rxe8+ Kxe8 22. Bc3 Kf8 23. Bb3 Nf6 24. Ba5 Qd7 25. Qa8+ Qe8 26. Qb7 h5 27.
h4 f4 28. Qf3 fxg3 29. fxg3 Rh6 30. Bd2 Rg6 31. Bg5 Qe5 32. Qa8+ Bb8 33. Kf1
Qxg3 34. Qb7 Qxd3+ 0-1

[Event "Negroponte op"]
[Site "Chalkis"]
[Date "2010.08.17"]
[Round "9"]
[White "Yakovich, Yuri"]
[Black "Khukhashvili, Sopiko"]
[Result "0-1"]
[WhiteElo "2570"]
[BlackElo "2409"]
[PlyCount "104"]
[EventDate "2010.08.09"]
[EventType "swiss"]
[EventRounds "9"]
[EventCountry "GRE"]
[SourceTitle "CBM 137 Extra"]
[Source "ChessBase"]
[SourceDate "2010.09.01"]
[SourceVersion "1"]
[SourceVersionDate "2010.09.01"]
[SourceQuality "1"]

1. e4 d6 2. f4 g6 3. Nf3 Bg7 4. d4 c6 5. c3 Nf6 6. Bd3 O-O 7. O-O c5 8. dxc5
dxc5 9. e5 Nh5 10. Na3 Nc6 11. Be3 Bh6 12. g3 Bg4 13. Be2 Qc8 14. Nc2 Rd8 15.
Nd2 Bxe2 16. Qxe2 Bf8 17. Rad1 b6 18. g4 Ng7 19. h3 Qe6 20. Qc4 Rd5 21. Rde1
Rad8 22. Nf3 h6 23. Bc1 Na5 24. Qe2 R5d7 25. b3 Qd5 26. c4 Qb7 27. Ne3 e6 28.
f5 Nc6 29. fxg6 fxg6 30. Ng2 Kh7 31. Qc2 Nb4 32. Qb1 Rd3 33. Nfh4 g5 34. a3
gxh4 35. axb4 Kg8 36. Re3 Rd1 37. b5 Rxf1+ 38. Kxf1 Rd1+ 39. Ke2 Rg1 40. Ne1
Qh1 41. Bd2 Rg3 42. Qe4 Qxh3 43. Rxg3 hxg3 44. Ng2 h5 45. gxh5 Qxh5+ 46. Kd3
Nf5 47. Qe2 Qh1 48. Be1 Bg7 49. Nf4 Nd4 50. Qe4 Qf1+ 51. Kd2 Nf3+ 52. Kd1 g2
0-1

[Event "World Women-ch k.o."]
[Site "Khanty-Mansiysk"]
[Date "2012.11.13"]
[Round "1.5"]
[White "Danielian, Elina"]
[Black "Khukhashvili, Sopiko"]
[Result "0-1"]
[WhiteElo "2476"]
[BlackElo "2383"]
[PlyCount "82"]
[EventDate "2012.11.11"]
[EventType "k.o."]
[EventRounds "6"]
[EventCountry "RUS"]
[SourceTitle "CBM 152"]
[Source "ChessBase"]
[SourceDate "2013.01.15"]
[SourceVersion "1"]
[SourceVersionDate "2013.01.15"]
[SourceQuality "1"]

1. d4 e6 2. c4 Nf6 3. Nc3 Bb4 4. e3 c5 5. Nge2 cxd4 6. exd4 d5 7. c5 O-O 8. a3
Bxc3+ 9. Nxc3 b6 10. cxb6 Ne4 11. bxa7 Rxa7 12. Nxe4 dxe4 13. Be3 Rd7 14. Qa4
Rd6 15. Rd1 Nc6 16. Bb5 Bb7 17. O-O Ne7 18. Rc1 Nd5 19. Bc4 f5 20. Bxd5 Rxd5
21. Bf4 Rxd4 22. Qb5 Ba8 23. Rc7 Rd5 24. Qc4 h6 25. b4 Re8 26. Be3 Qf6 27. g3
Kh8 28. Rc1 e5 29. Rc8 Rdd8 30. Rxd8 Rxd8 31. Qc7 Rf8 32. Qb6 Qf7 33. Qd6 f4
34. Rc7 Qf5 35. Bc5 Rg8 36. Qd7 Qh5 37. Bf8 Qg6 38. Qf7 Qg4 39. h3 Qd1+ 40. Kh2
fxg3+ 41. Kxg3 Qg1+ 0-1

[Event "Tbilisi Gaprindashvili Cup"]
[Site "Tbilisi"]
[Date "2015.09.12"]
[Round "4"]
[White "Khukhashvili, Sopiko"]
[Black "Pantsulaia, Levan"]
[Result "1-0"]
[WhiteElo "2330"]
[BlackElo "2587"]
[PlyCount "87"]
[EventDate "2015.09.09"]
[EventType "swiss"]
[EventRounds "9"]
[EventCountry "GEO"]
[SourceTitle "EXT 2016"]
[Source "ChessBase"]
[SourceDate "2015.10.08"]
[SourceVersion "1"]
[SourceVersionDate "2015.10.08"]
[SourceQuality "1"]

1. e4 c5 2. Nf3 e6 3. d4 cxd4 4. Nxd4 a6 5. Bd3 Nf6 6. O-O e5 7. Bg5 h6 8. Bxf6
Qxf6 9. Nf5 g6 10. Ne3 Bc5 11. b4 Ba7 12. Nc3 d6 13. Ncd5 Qd8 14. c3 O-O 15. a4
Be6 16. Rb1 Nd7 17. a5 Rc8 18. b5 Bxe3 19. Nxe3 Rxc3 20. bxa6 bxa6 21. Bxa6 Nc5
22. Bb7 Bb3 23. Qe1 Qxa5 24. Rc1 Na4 25. Bd5 Qb4 26. Rb1 Rb8 27. Qe2 Nb6 28.
Qb2 Nd7 29. Qe2 Qc5 30. Rxb3 Rcxb3 31. Qf3 Rb1 32. Qxf7+ Kh8 33. Qxg6 Rxf1+ 34.
Nxf1 Qc1 35. Be6 Qf4 36. Bxd7 Rb2 37. Qe8+ Kg7 38. Qe7+ Kh8 39. Qe8+ Kg7 40.
Qe7+ Kh8 41. f3 Rb1 42. h4 h5 43. Be6 d5 44. Bf5 1-0

[Event "Tbilisi Gaprindashvili Cup"]
[Site "Tbilisi"]
[Date "2015.09.15"]
[Round "7"]
[White "Khukhashvili, Sopiko"]
[Black "Magalashvili, Davit"]
[Result "1-0"]
[WhiteElo "2330"]
[BlackElo "2512"]
[PlyCount "101"]
[EventDate "2015.09.09"]
[EventType "swiss"]
[EventRounds "9"]
[EventCountry "GEO"]
[SourceTitle "EXT 2016"]
[Source "ChessBase"]
[SourceDate "2015.10.08"]
[SourceVersion "1"]
[SourceVersionDate "2015.10.08"]
[SourceQuality "1"]

1. e4 c5 2. Nf3 d6 3. d4 cxd4 4. Nxd4 Nf6 5. Nc3 a6 6. h3 e5 7. Nde2 h5 8. Bg5
Be6 9. g3 Nbd7 10. Bg2 Be7 11. O-O Rc8 12. a4 Nh7 13. Be3 h4 14. g4 Rc6 15. f4
exf4 16. Nxf4 Ne5 17. Nce2 Bc4 18. b3 Bxe2 19. Qxe2 Bg5 20. c4 O-O 21. Rad1
Bxf4 22. Rxf4 Qe7 23. Qe1 g6 24. Kh1 g5 25. Rf2 f6 26. Rfd2 Re8 27. Rd5 Nf8 28.
Qd2 Nf7 29. Rf5 Ne5 30. Rdf1 Nh7 31. a5 Rf8 32. Rd1 Rf7 33. Qd5 Nf8 34. Bf1 Ne6
35. Rf2 Ng6 36. b4 Nef4 37. Qf5 Kg7 38. Rfd2 Qf8 39. Bxf4 Nxf4 40. c5 dxc5 41.
Bc4 cxb4 42. Bxf7 Rc3 43. Ba2 Kh6 44. e5 Rxh3+ 45. Rh2 Rxh2+ 46. Kxh2 Qc5 47.
Qxf6+ Ng6 48. Bb1 Qxe5+ 49. Qxe5 Nxe5 50. Kh3 Kg7 51. Be4 1-0